[Event "AUTO-INT-518"]
[Site "http://www.queenalice.com/game.php?id=235765"]
[Date "2007.7.6"]
[Round "1"]
[White "xianxu"]
[Black "vininb"]
[Result "0-1"]
[WhiteElo "1703"]
[BlackElo "1771"]

1. e4 e5 2. Nf3 Nc6 3. Nc3 d5 4. Nxd5 Nf6 5. Nc3 Bc5 6. Bc4 Bg4 7. O-O Qd7 8. h3
Bh5 9. d3 O-O-O 10. Re1 Rdg8 11. Ne2 g5 12. Nxg5 h6 13. Nxf7 Bxf7 14. Ng3 h5 15.
Bxf7 Qxf7 16. Qf3 h4 17. Nf5 Nd4 18. Nxd4 Bxd4 19. Qf5+ Kb8 20. c3 Bb6 21. Qxe5
Ng4 22. hxg4 Qxf2+ 23. Kh2 Qxe1 24. b4 Qg1+ 25. Kh3 Qh1+ 26. Qh2 Qxh2+ 27. Kxh2
Rxg4 28. Bb2 Rd8 29. Rd1 c6 30. Kh3 Rg3+ 0-1

[Event "AUTO-INT-518"]
[Site "http://www.queenalice.com/game.php?id=235766"]
[Date "2007.7.6"]
[Round "1"]
[White "vininb"]
[Black "xianxu"]
[Result "0-1"]
[WhiteElo "1816"]
[BlackElo "1682"]

1. e4 e5 2. Nf3 Nc6 3. Bb5 Nf6 4. O-O Bc5 5. Bxc6 bxc6 6. Nxe5 O-O 7. d4 Bb6 8.
Bg5 Bb7 9. Qd3 d6 10. Nf3 h6 11. Bh4 d5 12. e5 g5 13. Bxg5 hxg5 14. Nxg5 Ne4 15.
Nxe4 dxe4 16. Qg3+ Kh7 17. f4 Bxd4+ 18. Kh1 f5 19. c3 Bb6 20. h4 Rg8 21. Qe1 c5
22. g3 e3+ 23. Kh2 c4 24. Qe2 Rg4 25. Na3 Rxh4+ 26. Kg1 Rh1# 0-1

[Event "Challenge"]
[Site "http://www.queenalice.com/game.php?id=256953"]
[Date "2007.8.17"]
[Round "-"]
[White "jnable"]
[Black "xianxu"]
[Result "1-0"]
[WhiteElo "2069"]
[BlackElo "1718"]

1. e4 e5 2. Nf3 Nc6 3. d4 d6 4. d5 Na5 5. b4 c6 6. bxa5 Nf6 7. Nbd2 Qxa5 8. dxc6
bxc6 9. Bd3 Be7 10. O-O O-O 11. Nc4 Qd8 12. Ba3 d5 13. Bxe7 Qxe7 14. exd5 cxd5
15. Ncxe5 Bb7 16. Rb1 Rab8 17. Re1 Qd6 18. Qc1 Ne4 19. Bxe4 dxe4 20. Nc4 Qg6 21.
Nfe5 Qf5 22. Qa3 Bd5 23. Qd6 Bxc4 24. Rxb8 1-0

[Event "Challenge"]
[Site "http://www.queenalice.com/game.php?id=256955"]
[Date "2007.8.17"]
[Round "-"]
[White "xianxu"]
[Black "jnable"]
[Result "0-1"]
[WhiteElo "1669"]
[BlackElo "2046"]

1. e4 e6 2. Nf3 d5 3. Nc3 c5 4. d4 cxd4 5. Bb5+ Nc6 6. Nxd4 Bd7 7. exd5 Nxd4 8.
Qxd4 Bxb5 9. Nxb5 Qa5+ 10. Bd2 Qxb5 11. c4 Qd7 12. O-O Nf6 13. Rfe1 Be7 14. Bg5
O-O 15. Bxf6 Bxf6 16. Qg4 Rfd8 17. Rad1 exd5 18. Qf3 d4 19. Rd2 Rac8 20. b3 Re8
21. Red1 Qe7 22. h3 Qe4 23. Qh5 b6 24. a4 Rc5 25. f3 Rxh5 26. fxe4 Rxe4 27. Rd3
Re2 28. g4 Rg5 29. b4 h5 30. h4 Rxg4+ 0-1

[Event "Challenge"]
[Site "http://www.queenalice.com/game.php?id=261392"]
[Date "2007.8.25"]
[Round "-"]
[White "mateus_amorim"]
[Black "xianxu"]
[Result "1-0"]
[WhiteElo "1724"]
[BlackElo "1712"]

1. d4 d5 2. g3 Nc6 3. c3 Nf6 4. Bg2 e5 5. dxe5 Nxe5 6. Nd2 Bc5 7. Ngf3 Neg4 8.
O-O O-O 9. Nb3 Bb6 10. e3 Ne4 11. Qc2 Bf5 12. Qe2 Re8 13. Nh4 Qg5 14. Nxf5 Qxf5
15. f3 Nxg3 16. hxg3 Bxe3+ 17. Bxe3 Rxe3 18. fxg4 Qe5 19. Qf2 Rf8 20. Qf4 Qe6
21. Nd4 Qe7 22. Bxd5 c5 23. Nf5 Rxg3+ 24. Qxg3 Qg5 25. Qe5 Qxg4+ 26. Bg2 f6 27.
Qe6+ Kh8 28. Qe7 Rg8 29. Rf3 h5 30. Kf2 g6 31. Qxf6+ Kh7 32. Bh3 1-0

[Event "AUTO-INT-518"]
[Site "http://www.queenalice.com/game.php?id=275357"]
[Date "2007.9.21"]
[Round "2"]
[White "xianxu"]
[Black "Ayr_United"]
[Result "0-1"]
[WhiteElo "1676"]
[BlackElo "1608"]

1. e4 e5 2. Nf3 d6 3. h3 f5 4. Nc3 Nc6 5. Bd3 f4 6. O-O Bxh3 7. gxh3 g5 8. Be2
h5 9. Nh2 Nf6 10. d3 Nd4 11. Nd5 Nxd5 12. Bxh5+ Ke7 13. c3 f3 14. Bxg5+ Nf6 15.
Bxf3 Nxf3+ 16. Qxf3 Bg7 0-1

[Event "AUTO-INT-518"]
[Site "http://www.queenalice.com/game.php?id=275358"]
[Date "2007.9.21"]
[Round "2"]
[White "Ayr_United"]
[Black "xianxu"]
[Result "1-0"]
[WhiteElo "1588"]
[BlackElo "1696"]

1. e4 e5 2. c4 Nf6 3. d3 Nc6 4. Nf3 Bc5 5. Bg5 O-O 6. Nc3 h6 7. Bxf6 Qxf6 8. Nd5
Qe6 9. Nxc7 Bb4+ 10. Nd2 Qd6 11. Nxa8 b6 12. Nxb6 axb6 13. Be2 Bc5 14. O-O Ba6
15. b3 1-0

[Event "AUTO-INT-518"]
[Site "http://www.queenalice.com/game.php?id=275359"]
[Date "2007.9.21"]
[Round "2"]
[White "xianxu"]
[Black "jahhaj"]
[Result "0-1"]
[WhiteElo "1716"]
[BlackElo "2127"]

1. e4 e6 2. Nf3 d5 3. e5 c5 4. d4 cxd4 5. Nxd4 Nc6 6. Bf4 Qb6 7. c3 Nxd4 8. cxd4
Qxb2 9. Nd2 Ne7 10. Bd3 Nc6 11. Nb3 Bb4+ 12. Bd2 Bxd2+ 13. Nxd2 Qxd4 14. Nf3
Qc3+ 15. Ke2 Nxe5 16. Rc1 Qxd3+ 17. Qxd3 Nxd3 18. Kxd3 O-O 19. Rhd1 b6 20. Ke2
Ba6+ 21. Ke1 Rac8 22. Ne5 Rxc1 0-1

[Event "AUTO-INT-518"]
[Site "http://www.queenalice.com/game.php?id=275360"]
[Date "2007.9.21"]
[Round "2"]
[White "jahhaj"]
[Black "xianxu"]
[Result "1-0"]
[WhiteElo "2150"]
[BlackElo "1714"]

1. d4 d5 2. c4 c6 3. Nf3 Nd7 4. e3 Ngf6 5. Nbd2 e6 6. Bd3 b6 7. O-O Ba6 8. b3
Be7 9. Bb2 c5 10. Qe2 O-O 11. Rfd1 Bd6 12. e4 dxe4 13. Nxe4 Nxe4 14. Qxe4 f5 15.
Qxe6+ Kh8 16. Qxd6 Qc8 17. d5 Nf6 18. Re1 Qb7 19. Re7 Qc8 20. Qc7 1-0